France high-tech
Contents: New industries; capital and technology; french high-tech in the world
Guardado en:
| Formato: | Libro |
|---|---|
| Lenguaje: | Undetermined |
| Publicado: |
Paris
Autrement
1985
|
| Materias: | |
| Etiquetas: |
Agregar Etiqueta
Sin Etiquetas, Sea el primero en etiquetar este registro!
|
| Thư viện lưu trữ: | Trung tâm Học liệu Trường Đại học Cần Thơ |
|---|
| LEADER | 00646nam a2200193Ia 4500 | ||
|---|---|---|---|
| 001 | CTU_218600 | ||
| 008 | 210402s9999 xx 000 0 und d | ||
| 082 | |a 338.4 | ||
| 082 | |b F815 | ||
| 245 | 0 | |a France high-tech | |
| 245 | 0 | |c Thierry Grillet and Daniel Le Conte des Floris (edited by) | |
| 260 | |a Paris | ||
| 260 | |b Autrement | ||
| 260 | |c 1985 | ||
| 520 | |a Contents: New industries; capital and technology; french high-tech in the world | ||
| 650 | |a Ngành công nghiệp công nghệ cao,High technology industries | ||
| 650 | |z Pháp,France | ||
| 904 | |i Tuyến | ||
| 980 | |a Trung tâm Học liệu Trường Đại học Cần Thơ | ||